[Event "Silkway Cup"]
[Site "T#646345FIDE"]
[Date "2020.05.28"]
[Round "9"]
[White "Maghala77"]
[Black "SuleymanliAydin1"]
[Result "0-1"]
[WhiteElo "2318"]
[BlackElo "2115"]
[Annotator "NA"]
[PlyCount "168"]
[EventDate "2020.05.28"]
[EventType "swiss (blitz)"]

1. Nf3 {[%emt 0:00:02]} d5 {[%emt 0:00:02]} 2. d4 {[%emt 0:00:03]} Nf6 {[%emt 0:00:02]} 3. c4 {[%emt 0:00:01]} c6 {[%emt 0:00:02]} 4. cxd5 {[%emt 0:00:02]} cxd5 {[%emt 0:00:02]} 5. Nc3 {[%emt 0:00:01]} Nc6 {[%emt 0:00:01]} 6. Bf4 {[%emt 0:00:01]} Bf5 {[%emt 0:00:01]} 7. e3 {[%emt 0:00:01]} a6 {[%emt 0:00:02]} 8. Bd3 {[%emt 0:00:02]} Bxd3 {[%emt 0:00:02]} 9. Qxd3 {[%emt 0:00:00]} e6 {[%emt 0:00:01]} 10. O-O {[%emt 0:00:01]} Bd6 {[%emt 0:00:01]} 11. Bxd6 {[%emt 0:00:01]} Qxd6 {[%emt 0:00:00]} 12. Rac1 {[%emt 0:00:01]} O-O {[%emt 0:00:01]} 13. h3 {[%emt 0:00:02]} Rfc8 {[%emt 0:00:08]} 14. Na4 {[%emt 0:00:06]} Nd7 {[%emt 0:00:06]} 15. Nc5 {[%emt 0:00:11]} Nxc5 {[%emt 0:00:04]} 16. Rxc5 {[%emt 0:00:09]} b6 {[%emt 0:00:02]} 17. Rc3 {[%emt 0:00:27]} f6 {[%emt 0:01:53]} 18. Rfc1 {[%emt 0:00:07]} Ne7 {[%emt 0:00:35]} 19. Rxc8+ {[%emt 0:00:05]} Rxc8 {[%emt 0:00:19]} 20. Rxc8+ {[%emt 0:00:02]} Nxc8 {[%emt 0:00:00]} 21. Qxa6 {[%emt 0:00:01]} Qc6 {[%emt 0:00:00]} 22. Qe2 {[%emt 0:00:50]} Qc1+ {[%emt 0:00:02]} 23. Kh2 {[%emt 0:00:05]} Qc7+ {[%emt 0:00:10]} 24. g3 {[%emt 0:00:03]} Nd6 {[%emt 0:00:01]} 25. Ne1 {[%emt 0:00:09]} Qc1 {[%emt 0:00:09]} 26. Nd3 {[%emt 0:00:13]} Qc6 {[%emt 0:00:05]} 27. Nb4 {[%emt 0:00:06]} Qc1 {[%emt 0:00:01]} 28. Kg2 {[%emt 0:00:11]} h6 {[%emt 0:00:01]} 29. Qc2 {[%emt 0:00:02]} Qe1 {[%emt 0:00:01]} 30. Nd3 {[%emt 0:00:05]} Qa1 {[%emt 0:00:01]} 31. Nf4 {[%emt 0:00:04]} Qxa2 {[%emt 0:00:01]} 32. Nxe6 {[%emt 0:00:03]} Kf7 {[%emt 0:00:00]} 33. Nf4 {[%emt 0:00:02]} Nc4 {[%emt 0:00:02]} 34. Qg6+ {[%emt 0:00:03]} Kf8 {[%emt 0:00:02]} 35. Ne6+ {[%emt 0:00:06]} Ke7 {[%emt 0:00:01]} 36. Nxg7 {[%emt 0:00:02]} Qxb2 {[%emt 0:00:01]} 37. Qe8+ {[%emt 0:00:02]} Kd6 {[%emt 0:00:01]} 38. Nf5+ {[%emt 0:00:01]} Kc7 {[%emt 0:00:01]} 39. Qf7+ {[%emt 0:00:04]} Kb8 {[%emt 0:00:03]} 40. Qxd5 {[%emt 0:00:06]} b5 {[%emt 0:00:01]} 41. Qc5 {[%emt 0:00:11]} Qb1 {[%emt 0:00:12]} 42. Nd6 {[%emt 0:00:07]} Nxd6 {[%emt 0:00:04]} 43. Qxd6+ {[%emt 0:00:01]} Kb7 {[%emt 0:00:00]} 44. Qe7+ {[%emt 0:00:01]} Ka6 {[%emt 0:00:01]} 45. Qxf6+ {[%emt 0:00:01]} Ka5 {[%emt 0:00:01]} 46. d5 {[%emt 0:00:06]} Qe4+ {[%emt 0:00:02]} 47. Qf3 {[%emt 0:00:08]} Qe5 {[%emt 0:00:01]} 48. e4 {[%emt 0:00:02]} b4 {[%emt 0:00:01]} 49. Qd3 {[%emt 0:00:01]} Qc3 {[%emt 0:00:01]} 50. Qe2 {[%emt 0:00:06]} b3 {[%emt 0:00:03]} 51. d6 {[%emt 0:00:01]} Qd4 {[%emt 0:00:02]} 52. e5 {[%emt 0:00:07]} b2 {[%emt 0:00:05]} 53. Qe1+ {[%emt 0:00:02]} Ka4 {[%emt 0:00:03]} 54. e6 {[%emt 0:00:02]} Qxd6 {[%emt 0:00:04]} 55. e7 {[%emt 0:00:02]} Qc6+ {[%emt 0:00:00]} 56. Kh2 {[%emt 0:00:03]} Qe8 {[%emt 0:00:01]} 57. Qd1+ {[%emt 0:00:05]} Ka3 {[%emt 0:00:03]} 58. Qd5 {[%emt 0:00:01]} b1=Q {[%emt 0:00:02]} 59. Qd6+ {[%emt 0:00:01]} Qb4 {[%emt 0:00:01]} 60. Qd3+ {[%emt 0:00:02]} Qb3 {[%emt 0:00:02]} 61. Qd8 {[%emt 0:00:01]} Qbb5 {[%emt 0:00:02]} 62. Qd6+ {[%emt 0:00:01]} Kb3 {[%emt 0:00:01]} 63. Qe6+ {[%emt 0:00:01]} Qc4 {[%emt 0:00:02]} 64. Qb6+ {[%emt 0:00:02]} Kc3 {[%emt 0:00:01]} 65. Qd8 {[%emt 0:00:02]} Qcc6 {[%emt 0:00:03]} 66. Qa5+ {[%emt 0:00:04]} Kc4 {[%emt 0:00:01]} 67. Qe5 {[%emt 0:00:02]} Qc5 {[%emt 0:00:03]} 68. Qe2+ {[%emt 0:00:02]} Kb4 {[%emt 0:00:01]} 69. Qb2+ {[%emt 0:00:01]} Ka5 {[%emt 0:00:01]} 70. Qa2+ {[%emt 0:00:02]} Kb6 {[%emt 0:00:01]} 71. Qb3+ {[%emt 0:00:00]} Kc7 {[%emt 0:00:01]} 72. Qf3 {[%emt 0:00:04]} Qexe7 {[%emt 0:00:01]} 73. Qf4+ {[%emt 0:00:01]} Kb7 {[%emt 0:00:02]} 74. Qf3+ {[%emt 0:00:01]} Kb8 {[%emt 0:00:01]} 75. Qf4+ {[%emt 0:00:01]} Qec7 {[%emt 0:00:01]} 76. Qf3 {[%emt 0:00:02]} Q7b6 {[%emt 0:00:01]} 77. Kg1 {[%emt 0:00:03]} Qbc6 {[%emt 0:00:01]} 78. Qb3+ {[%emt 0:00:02]} Q5b6 {[%emt 0:00:02]} 79. Qg8+ {[%emt 0:00:01]} Ka7 {[%emt 0:00:01]} 80. Qa2+ {[%emt 0:00:01]} Qa6 {[%emt 0:00:01]} 81. Qb2 {[%emt 0:00:04]} Qab6 {[%emt 0:00:06]} 82. Qg7+ {[%emt 0:00:05]} Qcc7 {[%emt 0:00:01]} 83. Qa1+ {[%emt 0:00:04]} Kb7 {[%emt 0:00:01]} 84. Qe1 {[%emt 0:00:03]} Qxg3+ {[%emt 0:00:02] Maghala77 resigns (Lag: Av=0.59s, max=0.8s)} 0-1

[Event "Silkway Cup"]
[Site "T#646345FIDE"]
[Date "2020.05.28"]
[Round "9"]
[White "luka oboladze"]
[Black "T-sanikidze"]
[Result "1-0"]
[WhiteElo "2276"]
[BlackElo "2750"]
[Annotator "TA"]
[PlyCount "119"]
[EventDate "2020.05.28"]
[EventType "swiss (blitz)"]

{[%evp 14,119,31,31,34,20,37,14,34,0,21,-3,0,0,0,6,66,72,80,47,39,14,14,14,41,29,38,35,40,51,62,27,30,16,60,0,33,0,36,6,18,6,18,0,35,-14,-10,-10,-22,-69,-57,-92,-50,-183,-186,-177,-188,-243,-234,-235,-249,-238,-248,-247,-167,-194,0,-258,0,-363,-61,-285,0,-587,-95,-212,-142,-255,-264,-304,-315,-364,-329,-312,-274,-280,-292,-314,103,125,108,85,986,191,5198,5289,2013,1937,29984,29985,29985,29986,29990,29991,29991,29992,29992,951]} 1. e4 e5 2. Nf3 Nc6 3. Bb5 a6 4. Ba4 Nge7 5. c3 g6 6. O-O Bg7 7. d4 exd4 8. cxd4 b5 {C60: Ruy Lopez: Unusual Black 3rd moves and 3...g6.} 9. Bb3 d6 10. Nc3 O-O {The position is equal.} 11. h3 Bb7 12. Re1 Na5 13. Bc2 c5 14. d5 h6 ({Black should try} 14... Nc4 $11) 15. Rb1 $14 Rc8 16. Bf4 Nc4 17. Qc1 g5 {[#]} 18. Bg3 $146 ({Predecessor:} 18. Bh2 Qd7 19. Bd3 Nb6 20. g4 Bxc3 21. bxc3 f6 22. c4 b4 23. Nd2 Ng6 24. Nf1 {1-0 (45) Zufic,M (2441)-Sulava,N (2484) Pula 2013}) 18... Ng6 19. Ne2 Rc7 20. b3 Nb6 21. Qd2 b4 22. Bd3 a5 {[%cal Ba6a5,Ba5a4][%mdl 32]} 23. Rbc1 a4 24. Qe3 (24. Qc2 $14) 24... Re8 {...f5! is the strong threat.} 25. Qd2 a3 26. Rc2 Qe7 27. Bh2 Bc8 28. Rec1 Nd7 29. Ng3 Nde5 $36 {[%mdl 2048] White is under pressure.} 30. Nxe5 Bxe5 31. Nf1 Bxh2+ 32. Kxh2 Ne5 33. Ne3 (33. Ng3 $15) 33... Nxd3 $19 34. Qxd3 Qxe4 35. Qb5 (35. Qxe4 $142 Rxe4 36. Rc4) 35... Rce7 36. Qc6 Qf4+ 37. Kg1 Bb7 38. Qb6 {next Rc4 is good for White.} h5 39. Rc4 Qf6 $2 {[#]} (39... Qe5 $19 {aiming for ...f5.} 40. Rd1 Rd7) 40. Rf1 $2 {[%mdl 8192]} (40. Rxc5 $1 $11 {[%mdl 512] and White stays safe.} Qg6 (40... dxc5 41. Qxf6) 41. Rc6 $1 {[%mdl 512]} Bxc6 42. dxc6) 40... Bc8 $2 {[#]} (40... Qg6 $19 {White must now prevent ...Rxe3.} 41. Rd1 Bc8) 41. Rc2 $2 {[%mdl 8192]} (41. Rxc5 $1 $11 {[%mdl 512] and White is okay.} g4 (41... dxc5 42. Qxf6) 42. hxg4) 41... Bf5 $2 {[#]} (41... Kg7 $19 42. Nc4 Rd7) 42. Rd2 $2 (42. Rxc5 $1 $15 {[%mdl 512]} Bd3 (42... dxc5 43. Qxf6) 43. Rfc1) 42... Bc8 $2 (42... Bg6 $19 {Hoping for ...g4!} 43. Rdd1 Rd7) 43. Nc4 $2 {[%mdl 8192]} (43. Rc2 $1 $11 {and White has nothing to worry.}) 43... Rd7 $2 (43... Re1 $19 44. Rd1 Rxd1 45. Rxd1 Re2 $1 {[%mdl 512]}) 44. Qc6 (44. Rd3 $17 {was worth a try.}) 44... Qd8 45. f4 (45. Rd3 $17) 45... g4 $1 46. hxg4 hxg4 47. f5 Qh4 48. g3 Qxg3+ 49. Rg2 {[#]} Qh4 $1 (49... Qh3 50. Nxd6 Red8 51. Nxc8 $11) 50. Nxd6 {[#]} Re1 $2 (50... Re3 $1 $19 {[%cal Re3h3] ( -> ...Rh3)} 51. Ne4 (51. Qxc8+ $2 Rd8 $19) (51. Nxc8 Rh3 52. Rh2 Rxh2 53. Ne7+ Rxe7 54. Qc8+ Kh7 55. Qh8+ Kxh8 56. Rf4 Rh1+ 57. Kg2 Qh2#) 51... Rxe4 52. Qxc8+ Qd8 53. Qxd8+ Rxd8) 51. Qxc8+ $16 Rd8 52. Qc7 Rxf1+ 53. Kxf1 Qh1+ $2 {[#]} (53... g3 54. Rxg3+ (54. Qxc5 Rxd6 55. Qe3 Qh1+ 56. Rg1 Qxd5 $15) (54. Nxf7 $2 Qh1+ 55. Ke2 Qxg2+ {[%mdl 64] Double Attack} 56. Ke3 Qf2+ {[%mdl 64] Double Attack} 57. Ke4 Re8+ 58. Ne5 Qd4+ 59. Kf3 Rxe5 $19) 54... Qxg3 55. Qxf7+ (55. Qxd8+ Kh7 $11) 55... Kh8 56. Qf6+ Kh7 57. Qe7+ (57. Qxd8 Qf3+ {[%mdl 64] Double Attack} 58. Ke1 Qe3+ 59. Kf1 Qf3+ {[%mdl 64] Double Attack} 60. Ke1 Qe3+ 61. Kf1 Qf3+ $11 {[%mdl 64] Double Attack}) 57... Kh6 58. Nf7+ {[%mdl 64] Double Attack} (58. Qxd8 Qf3+ {[%mdl 64] Double Attack} 59. Ke1 Qe3+ 60. Kd1 Qd4+ 61. Ke2 Qg4+ 62. Ke3 Qd4+ 63. Ke2 Qe5+ 64. Kf2 Qd4+ 65. Kg3 Qe3+ 66. Kg2 Qe2+ {[%mdl 64] Double Attack} 67. Kg3 Qe3+ 68. Kh2 Qf4+ 69. Kh1 Qf3+ 70. Kh2 Qe2+ 71. Kh1 Qd1+ 72. Kg2 Qe2+ {[%mdl 64] Double Attack} 73. Kh1 Qf3+ 74. Kg1 Qg3+ 75. Kf1 Qf3+ {[%mdl 64] Double Attack} 76. Ke1 Qe3+ 77. Kf1 Qf3+ $11 {[%mdl 64] Double Attack}) 58... Kh5 59. Nxd8 Qf3+ 60. Ke1 Qh1+ 61. Ke2 Qg2+ 62. Ke3 Qg1+ 63. Kd2 Qf2+ 64. Qe2+ Qxe2+ 65. Kxe2 c4) 54. Kf2 $1 $18 Qh4+ 55. Ke2 Qf6 56. Rxg4+ {White mates.} Kf8 {[#]} 57. Ne4 $1 {[%mdl 64] Double Attack} Qb2+ {[#]} 58. Kf3 $1 {[%cal Rc7d8]} Rxd5 59. Qc8+ Ke7 60. f6+ {Accuracy: White = 50%, Black = 55%.} 1-0

[Event "Silkway Cup"]
[Site "T#646345FIDE"]
[Date "2020.05.28"]
[Round "9"]
[White "Ka ch"]
[Black "GadimbayliA"]
[Result "1-0"]
[WhiteElo "2211"]
[BlackElo "2472"]
[PlyCount "89"]
[EventDate "2020.05.28"]
[EventType "swiss (blitz)"]

1. e4 {[%emt 0:00:01]} e5 {[%emt 0:00:02]} 2. Nf3 {[%emt 0:00:01]} d5 {[%emt 0:00:01]} 3. d3 {[%emt 0:00:06]} dxe4 {[%emt 0:00:01]} 4. dxe4 {[%emt 0:00:01]} Qxd1+ {[%emt 0:00:00]} 5. Kxd1 {[%emt 0:00:01]} Nc6 {[%emt 0:00:00]} 6. Bb5 {[%emt 0:00:04]} Bd7 {[%emt 0:00:03]} 7. Nc3 {[%emt 0:00:02]} Bc5 {[%emt 0:00:05]} 8. Ke1 {[%emt 0:00:07]} Nf6 {[%emt 0:00:03]} 9. a3 {[%emt 0:00:07]} Nd4 {[%emt 0:00:32]} 10. Bxd7+ {[%emt 0:00:16]} Kxd7 {[%emt 0:00:00]} 11. Nxe5+ {[%emt 0:00:20]} Ke6 {[%emt 0:00:04]} 12. Nd3 {[%emt 0:00:05]} Nxc2+ {[%emt 0:00:29]} 13. Kd1 {[%emt 0:00:02]} Nxa1 {[%emt 0:00:05]} 14. Nxc5+ {[%emt 0:00:01]} Ke7 {[%emt 0:01:00]} 15. Nxb7 {[%emt 0:00:48]} Nb3 {[%emt 0:00:11]} 16. Be3 {[%emt 0:00:03]} Rhb8 {[%emt 0:00:09]} 17. Nc5 {[%emt 0:00:05]} Nxc5 {[%emt 0:00:29]} 18. Bxc5+ {[%emt 0:00:01]} Ke6 {[%emt 0:00:00]} 19. Kc2 {[%emt 0:00:02]} a6 {[%emt 0:00:00]} 20. f3 {[%emt 0:00:07]} Rd8 {[%emt 0:00:01]} 21. Be3 {[%emt 0:00:03]} h6 {[%emt 0:00:06]} 22. Na4 {[%emt 0:00:05]} Nd7 {[%emt 0:00:01]} 23. Rd1 {[%emt 0:00:05]} Ne5 {[%emt 0:00:01]} 24. Rxd8 {[%emt 0:00:08]} Rxd8 {[%emt 0:00:01]} 25. Nc5+ {[%emt 0:00:00]} Kd6 {[%emt 0:00:21]} 26. Nb7+ {[%emt 0:00:01]} Ke7 {[%emt 0:00:02]} 27. Nxd8 {[%emt 0:00:03]} Kxd8 {[%emt 0:00:00]} 28. Bd4 {[%emt 0:00:01]} f6 {[%emt 0:00:02]} 29. Bxe5 {[%emt 0:00:03]} fxe5 {[%emt 0:00:00]} 30. Kc3 {[%emt 0:00:01]} Kd7 {[%emt 0:00:01]} 31. Kc4 {[%emt 0:00:01]} Kc6 {[%emt 0:00:00]} 32. b4 {[%emt 0:00:04]} h5 {[%emt 0:00:01]} 33. h4 {[%emt 0:00:04]} Kb6 {[%emt 0:00:01]} 34. a4 {[%emt 0:00:02]} Kc6 {[%emt 0:00:01]} 35. b5+ {[%emt 0:00:05]} axb5+ {[%emt 0:00:00]} 36. axb5+ {[%emt 0:00:01]} Kb6 {[%emt 0:00:00]} 37. Kb4 {[%emt 0:00:03]} g6 {[%emt 0:00:02]} 38. Kc4 {[%emt 0:00:07]} c6 {[%emt 0:00:01]} 39. bxc6 {[%emt 0:00:01]} Kxc6 {[%emt 0:00:00]} 40. g3 {[%emt 0:00:01]} Kd6 {[%emt 0:00:01]} 41. Kb5 {[%emt 0:00:01]} Ke6 {[%emt 0:00:00]} 42. Kc6 {[%emt 0:00:01]} Kf6 {[%emt 0:00:01]} 43. Kd6 {[%emt 0:00:05]} g5 {[%emt 0:00:04]} 44. hxg5+ {[%emt 0:00:01]} Kxg5 {[%emt 0:00:00]} 45. Kxe5 {[%emt 0:00:01] GadimbayliA resigns (Lag: Av=0.58s, max=1.0s)} 1-0

[Event "Silkway Cup"]
[Site "T#646345FIDE"]
[Date "2020.05.28"]
[Round "9"]
[White "GIGA QUPARADZE"]
[Black "Oligarkh"]
[Result "1-0"]
[WhiteElo "2149"]
[BlackElo "2699"]
[PlyCount "89"]
[EventDate "2020.05.28"]
[EventType "swiss (blitz)"]

1. e4 {[%emt 0:00:02]} c6 {[%emt 0:00:01]} 2. d4 {[%emt 0:00:02]} d5 {[%emt 0:00:01]} 3. Nc3 {[%emt 0:00:01]} dxe4 {[%emt 0:00:00]} 4. Nxe4 {[%emt 0:00:00]} Nf6 {[%emt 0:00:01]} 5. Nxf6+ {[%emt 0:00:01]} exf6 {[%emt 0:00:00]} 6. c3 {[%emt 0:00:01]} Bd6 {[%emt 0:00:01]} 7. Bd3 {[%emt 0:00:01]} O-O {[%emt 0:00:00]} 8. Qc2 {[%emt 0:00:01]} Re8+ {[%emt 0:00:00]} 9. Ne2 {[%emt 0:00:01]} g6 {[%emt 0:00:00]} 10. h4 {[%emt 0:00:03]} Nd7 {[%emt 0:00:00]} 11. h5 {[%emt 0:00:01]} Nf8 {[%emt 0:00:00]} 12. Bh6 {[%emt 0:00:09]} f5 {[%emt 0:00:07]} 13. hxg6 {[%emt 0:00:02]} fxg6 {[%emt 0:00:02]} 14. g4 {[%emt 0:00:14]} Qf6 {[%emt 0:00:33]} 15. gxf5 {[%emt 0:00:05]} Bxf5 {[%emt 0:00:00]} 16. Bxf5 {[%emt 0:00:03]} Qxf5 {[%emt 0:00:00]} 17. Qxf5 {[%emt 0:00:04]} gxf5 {[%emt 0:00:00] Oligarkh offers a draw} 18. Kd2 {[%emt 0:00:30]} Ng6 {[%emt 0:00:02]} 19. Rh5 {[%emt 0:00:03]} f4 {[%emt 0:00:11]} 20. Rf5 {[%emt 0:00:04]} Re4 {[%emt 0:00:20]} 21. Rh1 {[%emt 0:00:08]} Rae8 {[%emt 0:00:04]} 22. Nc1 {[%emt 0:00:01]} R4e6 {[%emt 0:00:23]} 23. Rg1 {[%emt 0:00:03]} Kh8 {[%emt 0:00:09]} 24. Rf7 {[%emt 0:00:03]} R8e7 {[%emt 0:00:03]} 25. Rxe7 {[%emt 0:00:02]} Rxe7 {[%emt 0:00:00]} 26. Nd3 {[%emt 0:00:02]} f3 {[%emt 0:00:15]} 27. Be3 {[%emt 0:00:06]} Kg7 {[%emt 0:00:03]} 28. Ne1 {[%emt 0:00:02]} Rf7 {[%emt 0:00:02]} 29. Kd3 {[%emt 0:00:01]} Bh2 {[%emt 0:00:30]} 30. Rh1 {[%emt 0:00:04]} Bf4 {[%emt 0:00:07]} 31. Nxf3 {[%emt 0:00:03]} Bxe3 {[%emt 0:00:01]} 32. Kxe3 {[%emt 0:00:00]} Re7+ {[%emt 0:00:01]} 33. Kd2 {[%emt 0:00:02]} Rf7 {[%emt 0:00:01]} 34. Rh3 {[%emt 0:00:05]} h5 {[%emt 0:00:01]} 35. Rg3 {[%emt 0:00:02]} Kf8 {[%emt 0:00:20]} 36. Rxg6 {[%emt 0:00:32]} Rxf3 {[%emt 0:00:01]} 37. Ke2 {[%emt 0:00:01]} Rf5 {[%emt 0:00:01]} 38. Ke3 {[%emt 0:00:02]} Kf7 {[%emt 0:00:02]} 39. Rd6 {[%emt 0:00:06]} a5 {[%emt 0:00:04]} 40. f4 {[%emt 0:00:11]} Rb5 {[%emt 0:00:10]} 41. b3 {[%emt 0:00:02]} Kg7 {[%emt 0:00:01]} 42. c4 {[%emt 0:00:02]} Rb4 {[%emt 0:00:01]} 43. Kd3 {[%emt 0:00:04]} h4 {[%emt 0:00:01]} 44. Re6 {[%emt 0:00:02]} b5 {[%emt 0:00:03]} 45. c5 {[%emt 0:00:05] Oligarkh resigns (Lag: Av=0.80s, max=3.6s)} 1-0

[Event "Silkway Cup"]
[Site "T#646345FIDE"]
[Date "2020.05.28"]
[Round "9"]
[White "NikaVolkov"]
[Black "VugarAsadli"]
[Result "0-1"]
[WhiteElo "1966"]
[BlackElo "2103"]
[PlyCount "96"]
[EventDate "2020.05.28"]
[EventType "swiss (blitz)"]

1. d4 {[%emt 0:00:02]} Nf6 {[%emt 0:00:04]} 2. c4 {[%emt 0:00:01]} e6 {[%emt 0:00:01]} 3. Nc3 {[%emt 0:00:01]} Bb4 {[%emt 0:00:01]} 4. Qc2 {[%emt 0:00:01]} b6 {[%emt 0:00:04]} 5. e3 {[%emt 0:00:01]} Bb7 {[%emt 0:00:03]} 6. Nf3 {[%emt 0:00:01]} O-O {[%emt 0:00:05]} 7. Bd3 {[%emt 0:00:01]} d6 {[%emt 0:00:06]} 8. O-O {[%emt 0:00:03]} Nbd7 {[%emt 0:00:30]} 9. Ne2 {[%emt 0:00:06]} d5 {[%emt 0:00:02]} 10. Ne5 {[%emt 0:00:06]} Bd6 {[%emt 0:00:10]} 11. f4 {[%emt 0:00:02]} c5 {[%emt 0:00:01]} 12. cxd5 {[%emt 0:00:05]} exd5 {[%emt 0:00:09]} 13. Bf5 {[%emt 0:00:03]} g6 {[%emt 0:00:15]} 14. Bh3 {[%emt 0:00:35]} Re8 {[%emt 0:00:04]} 15. Ng3 {[%emt 0:00:34]} Nf8 {[%emt 0:00:13]} 16. Bd2 {[%emt 0:00:03]} cxd4 {[%emt 0:00:05]} 17. exd4 {[%emt 0:00:00]} Ne4 {[%emt 0:00:12]} 18. Bc3 {[%emt 0:00:54]} Nxc3 {[%emt 0:00:32]} 19. bxc3 {[%emt 0:00:01]} f6 {[%emt 0:00:01]} 20. Ng4 {[%emt 0:00:24]} h5 {[%emt 0:00:12]} 21. Nf2 {[%emt 0:00:31]} Bxf4 {[%emt 0:00:02]} 22. Nd3 {[%emt 0:00:00]} Be3+ {[%emt 0:00:08]} 23. Kh1 {[%emt 0:00:01]} Ba6 {[%emt 0:00:01]} 24. Rf3 {[%emt 0:00:01]} Bg5 {[%emt 0:00:04]} 25. Nf4 {[%emt 0:00:04]} Kg7 {[%emt 0:00:10]} 26. Ngxh5+ {[%emt 0:00:04]} gxh5 {[%emt 0:00:01]} 27. Nxh5+ {[%emt 0:00:00]} Kg8 {[%emt 0:00:01]} 28. Rg3 {[%emt 0:00:02]} Qe7 {[%emt 0:00:14]} 29. Rf3 {[%emt 0:00:06]} Qe1+ {[%emt 0:00:06]} 30. Rf1 {[%emt 0:00:02]} Bxf1 {[%emt 0:00:07]} 31. Rxe1 {[%emt 0:00:01]} Rxe1 {[%emt 0:00:00]} 32. Nxf6+ {[%emt 0:00:02]} Bxf6 {[%emt 0:00:04]} 33. Qf2 {[%emt 0:00:00]} Rae8 {[%emt 0:00:03]} 34. Qg3+ {[%emt 0:00:03]} Kf7 {[%emt 0:00:02]} 35. Be6+ {[%emt 0:00:04]} R8xe6 {[%emt 0:00:03]} 36. h4 {[%emt 0:00:00]} R6e4 {[%emt 0:00:05]} 37. Qc7+ {[%emt 0:00:03]} Be7 {[%emt 0:00:02]} 38. Kh2 {[%emt 0:00:03]} Rxh4+ {[%emt 0:00:01]} 39. Kg3 {[%emt 0:00:00]} Bc4 {[%emt 0:00:03]} 40. Qc6 {[%emt 0:00:03]} Ne6 {[%emt 0:00:03]} 41. Qc8 {[%emt 0:00:03]} Rh6 {[%emt 0:00:05]} 42. Kf2 {[%emt 0:00:01]} Ra1 {[%emt 0:00:01]} 43. Kg3 {[%emt 0:00:03]} Rxa2 {[%emt 0:00:00]} 44. Qd7 {[%emt 0:00:02]} Rg6+ {[%emt 0:00:01]} 45. Kh3 {[%emt 0:00:01]} Nf4+ {[%emt 0:00:01]} 46. Kh2 {[%emt 0:00:02]} Rgxg2+ {[%emt 0:00:01]} 47. Kh1 {[%emt 0:00:01]} Rh2+ {[%emt 0:00:00]} 48. Kg1 {[%emt 0:00:01]} Rag2# {[%emt 0:00:00] (Lag: Av=0.43s, max=1.1s)} 0-1

[Event "Silkway Cup"]
[Site "T#646345FIDE"]
[Date "2020.05.28"]
[Round "9"]
[White "Gaguna"]
[Black "Chepaschess"]
[Result "0-1"]
[WhiteElo "1954"]
[BlackElo "2110"]
[PlyCount "142"]
[EventDate "2020.05.28"]
[EventType "swiss (blitz)"]

1. d4 {[%emt 0:00:03]} Nf6 {[%emt 0:00:01]} 2. c4 {[%emt 0:00:02]} g6 {[%emt 0:00:01]} 3. Nf3 {[%emt 0:00:02]} Bg7 {[%emt 0:00:01]} 4. g3 {[%emt 0:00:01]} c6 {[%emt 0:00:01]} 5. Bg2 {[%emt 0:00:02]} d5 {[%emt 0:00:00]} 6. b3 {[%emt 0:00:06]} dxc4 {[%emt 0:00:09]} 7. bxc4 {[%emt 0:00:02]} c5 {[%emt 0:00:00]} 8. Bb2 {[%emt 0:00:02]} cxd4 {[%emt 0:00:01]} 9. Qxd4 {[%emt 0:00:18]} Qa5+ {[%emt 0:00:09]} 10. Qd2 {[%emt 0:00:16]} Nc6 {[%emt 0:00:06]} 11. O-O {[%emt 0:00:04]} O-O {[%emt 0:00:04]} 12. Nc3 {[%emt 0:00:14]} Rd8 {[%emt 0:00:15]} 13. Qc2 {[%emt 0:00:03]} Be6 {[%emt 0:00:04]} 14. Nb5 {[%emt 0:00:19]} Qb4 {[%emt 0:00:19]} 15. Rfc1 {[%emt 0:00:18]} Rac8 {[%emt 0:00:18]} 16. Qb3 {[%emt 0:00:19]} Qc5 {[%emt 0:00:22]} 17. Qa3 {[%emt 0:00:27]} Qxa3 {[%emt 0:00:22]} 18. Nxa3 {[%emt 0:00:02]} Ne4 {[%emt 0:00:08]} 19. Bxg7 {[%emt 0:00:03]} Kxg7 {[%emt 0:00:00]} 20. Rab1 {[%emt 0:00:09]} b6 {[%emt 0:00:06]} 21. e3 {[%emt 0:00:26]} Nc5 {[%emt 0:00:14]} 22. Nb5 {[%emt 0:00:05]} Bf5 {[%emt 0:00:03]} 23. Ra1 {[%emt 0:00:02]} Be4 {[%emt 0:00:12]} 24. Nfd4 {[%emt 0:00:02]} Rd7 {[%emt 0:00:12]} 25. Nxc6 {[%emt 0:00:09]} Bxc6 {[%emt 0:00:05]} 26. Bxc6 {[%emt 0:00:02]} Rxc6 {[%emt 0:00:00]} 27. Rd1 {[%emt 0:00:01]} a6 {[%emt 0:00:05]} 28. Nc3 {[%emt 0:00:07]} e6 {[%emt 0:00:08]} 29. Kg2 {[%emt 0:00:05]} Nd3 {[%emt 0:00:06]} 30. Ne2 {[%emt 0:00:03]} Rxc4 {[%emt 0:00:04]} 31. Nd4 {[%emt 0:00:03]} Nc5 {[%emt 0:00:04]} 32. Rab1 {[%emt 0:00:02]} b5 {[%emt 0:00:05]} 33. Rbc1 {[%emt 0:00:02]} Rxc1 {[%emt 0:00:03]} 34. Rxc1 {[%emt 0:00:01]} Rd5 {[%emt 0:00:04]} 35. Nc6 {[%emt 0:00:04]} Nd3 {[%emt 0:00:01]} 36. Rc3 {[%emt 0:00:01]} Kf6 {[%emt 0:00:05]} 37. Nb8 {[%emt 0:00:03]} a5 {[%emt 0:00:02]} 38. Nc6 {[%emt 0:00:01]} b4 {[%emt 0:00:01]} 39. Rc4 {[%emt 0:00:02]} Rc5 {[%emt 0:00:03]} 40. Rxc5 {[%emt 0:00:01]} Nxc5 {[%emt 0:00:01]} 41. Nxa5 {[%emt 0:00:00]} Nd3 {[%emt 0:00:03]} 42. Nb3 {[%emt 0:00:04]} e5 {[%emt 0:00:02]} 43. Kf3 {[%emt 0:00:01]} Ke6 {[%emt 0:00:02]} 44. Ke2 {[%emt 0:00:01]} e4 {[%emt 0:00:01]} 45. f3 {[%emt 0:00:01]} f5 {[%emt 0:00:01]} 46. g4 {[%emt 0:00:01]} Kd5 {[%emt 0:00:01]} 47. gxf5 {[%emt 0:00:01]} gxf5 {[%emt 0:00:00]} 48. fxe4+ {[%emt 0:00:01]} fxe4 {[%emt 0:00:00]} 49. Kd2 {[%emt 0:00:01]} h5 {[%emt 0:00:01]} 50. h4 {[%emt 0:00:01]} Ne5 {[%emt 0:00:01]} 51. Nd4 {[%emt 0:00:04]} Nf3+ {[%emt 0:00:01]} 52. Nxf3 {[%emt 0:00:02]} exf3 {[%emt 0:00:00]} 53. Kd3 {[%emt 0:00:00]} Ke5 {[%emt 0:00:01]} 54. Kc2 {[%emt 0:00:05]} Ke4 {[%emt 0:00:04]} 55. Kd2 {[%emt 0:00:01]} f2 {[%emt 0:00:01]} 56. Ke2 {[%emt 0:00:01]} f1=Q+ {[%emt 0:00:00]} 57. Kxf1 {[%emt 0:00:01]} Kxe3 {[%emt 0:00:00]} 58. Ke1 {[%emt 0:00:01]} Kf3 {[%emt 0:00:03]} 59. Kd2 {[%emt 0:00:01]} Kg4 {[%emt 0:00:01]} 60. Ke3 {[%emt 0:00:01]} Kxh4 {[%emt 0:00:02]} 61. Kf4 {[%emt 0:00:01]} Kh3 {[%emt 0:00:01]} 62. Kf3 {[%emt 0:00:01]} h4 {[%emt 0:00:00]} 63. Kf2 {[%emt 0:00:01]} Kg4 {[%emt 0:00:01]} 64. Kg2 {[%emt 0:00:00]} Kf4 {[%emt 0:00:04]} 65. Kh3 {[%emt 0:00:00]} Ke3 {[%emt 0:00:01]} 66. Kxh4 {[%emt 0:00:00]} Kd3 {[%emt 0:00:00]} 67. Kg3 {[%emt 0:00:00]} Kc2 {[%emt 0:00:01]} 68. Kf3 {[%emt 0:00:00]} Kb2 {[%emt 0:00:01]} 69. a4 {[%emt 0:00:00]} bxa3 {[%emt 0:00:01]} 70. Ke3 {[%emt 0:00:03]} a2 {[%emt 0:00:01]} 71. Kd3 {[%emt 0:00:00]} a1=Q {[%emt 0:00:01] Gaguna resigns (Lag: Av=0.86s, max=2.6s)} 0-1